<?xml version="1.0" encoding="UTF-8"?>
<record
    xmlns:xsi="http://www.w3.org/2001/XMLSchema-instance"
    xsi:schemaLocation="http://www.loc.gov/MARC21/slim http://www.loc.gov/standards/marcxml/schema/MARC21slim.xsd"
    xmlns="http://www.loc.gov/MARC21/slim">

  <leader>04285nam a2200457 a 4500</leader>
  <controlfield tag="001">dia_470</controlfield>
  <controlfield tag="003">CHAP</controlfield>
  <controlfield tag="005">20250815131727.0</controlfield>
  <controlfield tag="007">ta</controlfield>
  <controlfield tag="008">220117s1999    mx ado frm    001 0 spa d</controlfield>
  <datafield tag="010" ind1=" " ind2=" ">
    <subfield code="a">171022</subfield>
  </datafield>
  <datafield tag="040" ind1=" " ind2=" ">
    <subfield code="a">mxchpua</subfield>
    <subfield code="c">CHAP</subfield>
  </datafield>
  <datafield tag="041" ind1="0" ind2=" ">
    <subfield code="a">spa</subfield>
    <subfield code="b">eng</subfield>
  </datafield>
  <datafield tag="090" ind1=" " ind2=" ">
    <subfield code="a">Tesis</subfield>
    <subfield code="b">E87</subfield>
    <subfield code="c">1999</subfield>
  </datafield>
  <datafield tag="100" ind1="1" ind2=" ">
    <subfield code="a">Espinosa Hern&#xE1;ndez, Edgar</subfield>
  </datafield>
  <datafield tag="240" ind1="1" ind2="0">
    <subfield code="a">Available technology for the production of liquid sugar as an alternative to high fructose corn syrups.</subfield>
    <subfield code="l">Espa&#xF1;ol</subfield>
  </datafield>
  <datafield tag="245" ind1="1" ind2="0">
    <subfield code="a">Tecnolog&#xED;as disponibles para la producci&#xF3;n de az&#xFA;car l&#xED;quido como alternativa contra los jarabes de ma&#xED;z de alta fructuosa /</subfield>
    <subfield code="c">Edgar Espinosa Hern&#xE1;ndez y Enrique Morales Guti&#xE9;rrez</subfield>
  </datafield>
  <datafield tag="264" ind1=" " ind2=" ">
    <subfield code="a">Chapingo, M&#xE9;xico :</subfield>
    <subfield code="b">El autor,</subfield>
    <subfield code="c">1999</subfield>
  </datafield>
  <datafield tag="300" ind1=" " ind2=" ">
    <subfield code="a">xiii, 173 hojas :</subfield>
    <subfield code="b">ilustraciones, tablas, gr&#xE1;ficas, fotograf&#xED;as</subfield>
  </datafield>
  <datafield tag="336" ind1=" " ind2=" ">
    <subfield code="2">rdacontent</subfield>
    <subfield code="a">texto</subfield>
    <subfield code="b">txt</subfield>
  </datafield>
  <datafield tag="337" ind1=" " ind2=" ">
    <subfield code="2">rdamedia</subfield>
    <subfield code="a">no mediado</subfield>
    <subfield code="b">n</subfield>
  </datafield>
  <datafield tag="338" ind1=" " ind2=" ">
    <subfield code="2">rdacarrier</subfield>
    <subfield code="a">volumen</subfield>
    <subfield code="b">nc</subfield>
  </datafield>
  <datafield tag="502" ind1=" " ind2=" ">
    <subfield code="a">Tesis</subfield>
    <subfield code="b">(Ingeniero Agroindustrial) --</subfield>
    <subfield code="c">UACh. Departamento de Ingenier&#xED;a Agroindustrial,</subfield>
    <subfield code="d">1999</subfield>
  </datafield>
  <datafield tag="504" ind1=" " ind2=" ">
    <subfield code="a">Bibliograf&#xED;a: hojas 134-141</subfield>
  </datafield>
  <datafield tag="520" ind1="3" ind2=" ">
    <subfield code="a">La importaci&#xF3;n y producci&#xF3;n de Jarabe de Ma&#xED;z de Alta Fructosa (JMAF) podr&#xED;a desplazar 1.5 millones de toneladas de az&#xFA;car que se consume en M&#xE9;xico, debido principalmente a sus bajos precios, d&#xE1;ndose una reducci&#xF3;n del 30% de la actividad azucarera nacional Bajo esta problem&#xE1;tica se plantea obtener un producto semejante al JMAF a partir de ca&#xF1;a de az&#xFA;car, teniendo como mercado potencial la industria refresquera. Bas&#xE1;ndose en una revisi&#xF3;n bibliogr&#xE1;fica, visitas a productores de az&#xFA;car liquido en M&#xE9;xico y proveedores de tecnolog&#xED;a para obtener az&#xFA;car l&#xED;quido de ca&#xF1;a de az&#xFA;car, este trabajo expone las tecnologias de proceso y equipo para la producci&#xF3;n de az&#xFA;car l&#xED;quido (a partir de ca&#xF1;a descortezada, jugo clarificado, meladura, az&#xFA;car crudo o est&#xE1;ndar y melazas de
"A" y "B" o de refiner&#xED;a) como sustituto de los JMAF en la industria alimentaria; asi como los principios de los equipos empleados para su producci&#xF3;n (ultrafiltraci&#xF3;n, descortezadora, cromatograf&#xED;a l&#xED;quida, Intercambio ionico y m&#xE9;todos de hidr&#xF3;lisis). Tambi&#xE9;n se describen los procesos de elaboraci&#xF3;n de az&#xFA;car l&#xED;quido empleados porempresas en M&#xE9;xico. Finalmente se compararon y evaluaron los procesos seleccionados, con base a los criterios establecidos para identificar ventajas y desventajas de manera global.</subfield>
  </datafield>
  <datafield tag="520" ind1="3" ind2=" ">
    <subfield code="a">The import and production of high fructose com syrup (HFCS) could displace 1.5 milion
tons of sugar consumed in Mexico, due principally to its low prices. This reduces the
domestic sugar production by 30%. In view of this situation, it is proposed to obtain a
product similar to HFCS from sugar cane, with the beverage industry as its potential
market. Based on a review of literature and on visits to liquid sugar producers in M&#xE9;xico and suppliers of technology of the process and the equipment used in the production of liquid sugar (from peeled cane, clarified juice, syrup, standard or raw sugar, and "A" and ""'B" molasses o molasses of refinery) as substitutes for HFCS in the food industry. Also presented are the principles of the equipment used in production (ultrafiltration, peeler, liquid chromatography, ionic exchange, and methods of hydrolysis). In addition, the processes of liquid sugar production used by enterprises in Mexico are described. Finally, the processes selected were compared and evaluated on the basis of established criteria, in order to identify the overall advantages and disadvantages of the processes.</subfield>
  </datafield>
  <datafield tag="650" ind1="1" ind2="3">
    <subfield code="a">Az&#xFA;car l&#xED;quido  </subfield>
    <subfield code="2">atg</subfield>
  </datafield>
  <datafield tag="650" ind1="1" ind2="3">
    <subfield code="a">Az&#xFA;car l&#xED;quido</subfield>
    <subfield code="x">Tecnolog&#xED;a de procesamiento   </subfield>
    <subfield code="2">atg</subfield>
  </datafield>
  <datafield tag="650" ind1="1" ind2="3">
    <subfield code="a">Equipo de procesamiento  </subfield>
    <subfield code="2">atg</subfield>
  </datafield>
  <datafield tag="650" ind1="1" ind2="3">
    <subfield code="a">Liquid sugar  </subfield>
    <subfield code="2">atg</subfield>
  </datafield>
  <datafield tag="650" ind1="1" ind2="3">
    <subfield code="a">Liquid sugar</subfield>
    <subfield code="x">Processing technology</subfield>
    <subfield code="2">atg</subfield>
  </datafield>
  <datafield tag="650" ind1="1" ind2="3">
    <subfield code="a">Processing equipment  </subfield>
    <subfield code="2">atg</subfield>
  </datafield>
  <datafield tag="700" ind1="1" ind2=" ">
    <subfield code="a">Morales Guti&#xE9;rrez, Enrique</subfield>
    <subfield code="e">autor</subfield>
  </datafield>
  <datafield tag="700" ind1="1" ind2=" ">
    <subfield code="a">Garc&#xED;a Ch&#xE1;vez, Luis Ramiro</subfield>
    <subfield code="e">director</subfield>
  </datafield>
  <datafield tag="700" ind1="1" ind2=" ">
    <subfield code="a">Covarrubias Guti&#xE9;rrez, Ignacio</subfield>
    <subfield code="e">asesor</subfield>
  </datafield>
  <datafield tag="700" ind1="1" ind2=" ">
    <subfield code="a">Espinosa Solares, Teodoro</subfield>
    <subfield code="e">asesor</subfield>
  </datafield>
  <datafield tag="901" ind1=" " ind2=" ">
    <subfield code="a">TESIS E87 1999</subfield>
  </datafield>
  <datafield tag="902" ind1=" " ind2=" ">
    <subfield code="a">M</subfield>
  </datafield>
  <datafield tag="905" ind1=" " ind2=" ">
    <subfield code="a">5232271999                          mx nmd 8223223322spa16</subfield>
  </datafield>
  <datafield tag="942" ind1=" " ind2=" ">
    <subfield code="c">TESIS</subfield>
    <subfield code="2">Clasificaci&#xF3;n Universidad Aut&#xF3;noma Chapingo</subfield>
  </datafield>
  <datafield tag="999" ind1=" " ind2=" ">
    <subfield code="c">171022</subfield>
    <subfield code="d">171022</subfield>
  </datafield>
  <datafield tag="952" ind1=" " ind2=" ">
    <subfield code="0">0</subfield>
    <subfield code="1">0</subfield>
    <subfield code="2">local</subfield>
    <subfield code="4">0</subfield>
    <subfield code="5">5</subfield>
    <subfield code="7">0</subfield>
    <subfield code="8">TESIS</subfield>
    <subfield code="a">IA_</subfield>
    <subfield code="b">IA_</subfield>
    <subfield code="d">2022-01-18</subfield>
    <subfield code="e">El autor</subfield>
    <subfield code="l">0</subfield>
    <subfield code="o">Tesis E87 1999</subfield>
    <subfield code="p">1101011272</subfield>
    <subfield code="r">2026-02-02 00:00:00</subfield>
    <subfield code="t">Ej.2</subfield>
    <subfield code="w">2022-01-18</subfield>
    <subfield code="y">TESIS</subfield>
  </datafield>
  <datafield tag="952" ind1=" " ind2=" ">
    <subfield code="0">0</subfield>
    <subfield code="1">0</subfield>
    <subfield code="2">local</subfield>
    <subfield code="4">0</subfield>
    <subfield code="5">1</subfield>
    <subfield code="7">0</subfield>
    <subfield code="8">TESIS</subfield>
    <subfield code="a">IA_</subfield>
    <subfield code="b">IA_</subfield>
    <subfield code="d">2022-01-18</subfield>
    <subfield code="e">El autor</subfield>
    <subfield code="l">0</subfield>
    <subfield code="o">Tesis E87 1999</subfield>
    <subfield code="p">1101011939</subfield>
    <subfield code="r">2026-02-02 00:00:00</subfield>
    <subfield code="t">Ej.1</subfield>
    <subfield code="w">2022-01-18</subfield>
    <subfield code="y">TESIS</subfield>
  </datafield>
</record>
